000
00339nam a2200145Ia 4500
003
OSt
008
191201s2013 xx 000 0 und d
100
_a
BHAVIKATI,SS
245
0
_a
Surveying and Levelling Vol-I
250
_a
Rep
260
_a
N. Delhi
_b
I.K. International
_c
2013
300
_a
390
650
_a
B.Tech(CE)
942
_2
ddc
_c
BK
999
_c
5884
_d
5884